000 00294nam a22001337a 4500
008 170208b xxu||||| |||| 00| 0 eng d
020 _a9781416041894
041 _aeng
080 _a61
100 _a4
101 _aSHM
245 _aVIRTUAL MEDICAL OFFICE
_cEUGENIA FULCHER
942 _2udc
_cBK
999 _c4957
_d4957